On This Day: June 21st II Quiz Stats

 Plays Quiz Updated Jun 21, 2018

Score 0/7 Timer 03:00
0 Plays Today
Question Answer Wrong Answers
The original production of ‘Evita’, a musical based on the life of this woman, opens at the Prince Edward Theatre in London.
1978
Eva Perón
93.2%
Evelyn Nesbit
1.2%
Eva Braun
4.3%
Eve Meyer
0.9%
This city, current capital of the Canadian province of Nova Scotia, is founded.
1749
Halifax
85.2%
Vancouver
6.2%
Edmonton
4.8%
Calgary
3.8%
This British royal, the current Duke of Cambridge, is born.
1982
Prince William
74.8%
Prince Harry
17.5%
Prince Charles
5.1%
Prince George
1.8%
This colony, who today uses the motto ‘Live Free or Die’, ratifies the US Constitution and is admitted as the ninth US state.
1788
New Hampshire
63.6%
Maine
5.8%
Vermont
14.9%
Massachusetts
15.6%
Harry Potter and the ______, the 5th book in the ‘Harry Potter’ series by J. K. Rowling, is released.
2003
Order of the Phoenix
50%
Goblet of Fire
13.7%
Half-Blood Prince
24.6%
Deathly Hallows
10.8%
In handing down a decision for Miller v. California, the US Supreme Court establishes the Miller test for ______ in US law.
1973
Obscenity
44.4%
Bias
20.2%
Equality
30.4%
Legality
4.7%
The newly discovered moons of ______ are officially named Nix and Hydra.
2006
Pluto
23.5%
Neptune
33%
Uranus
21.6%
Saturn
20.9%

You're not logged in!

Compare scores with friends on all Sporcle quizzes.
OR
Log In

Sporcle TV

Today on Sporcle TV


Watch our educational content, quiz creation guides, and fun videos on Sporcle TV.

Show Comments

Extras

Top Quizzes Today


Score Distribution

Your Account Isn't Verified!

In order to create a playlist on Sporcle, you need to verify the email address you used during registration. Go to your Sporcle Settings to finish the process.

Report this User

Report this user for behavior that violates our Community Guidelines.

Details: